<?xml version="1.0" encoding="UTF-8"?><?xml-stylesheet type="text/xsl" href="static/style.xsl"?><OAI-PMH xmlns="http://www.openarchives.org/OAI/2.0/" xmlns:xsi="http://www.w3.org/2001/XMLSchema-instance" xsi:schemaLocation="http://www.openarchives.org/OAI/2.0/ http://www.openarchives.org/OAI/2.0/OAI-PMH.xsd"><responseDate>2026-04-28T18:58:43Z</responseDate><request verb="GetRecord" identifier="oai:uvadoc.uva.es:10324/76558" metadataPrefix="marc">https://uvadoc.uva.es/oai/request</request><GetRecord><record><header><identifier>oai:uvadoc.uva.es:10324/76558</identifier><datestamp>2025-07-21T19:04:42Z</datestamp><setSpec>com_10324_38</setSpec><setSpec>col_10324_852</setSpec></header><metadata><record xmlns="http://www.loc.gov/MARC21/slim" xmlns:doc="http://www.lyncode.com/xoai" xmlns:xsi="http://www.w3.org/2001/XMLSchema-instance" xmlns:dcterms="http://purl.org/dc/terms/" xsi:schemaLocation="http://www.loc.gov/MARC21/slim http://www.loc.gov/standards/marcxml/schema/MARC21slim.xsd">
<leader>00925njm 22002777a 4500</leader>
<datafield tag="042" ind1=" " ind2=" ">
<subfield code="a">dc</subfield>
</datafield>
<datafield tag="720" ind1=" " ind2=" ">
<subfield code="a">Moro Alonso, Ana</subfield>
<subfield code="e">author</subfield>
</datafield>
<datafield tag="260" ind1=" " ind2=" ">
<subfield code="c">2025</subfield>
</datafield>
<datafield tag="520" ind1=" " ind2=" ">
<subfield code="a">El presente Trabajo de Fin de Grado plantea una propuesta educativa innovadora dirigida a alumnos de Educación Primaria, se centra en el aprendizaje significativo de las fuentes de energía renovable empleando metodologías activas, concretamente la gamificación y el aprendizaje cooperativo. A partir de una revisión teórica sobre la enseñanza actual de las ciencias naturales, se diseñó y llevó a cabo una propuesta didáctica que busca despertar la curiosidad científica del alumnado, fomentar su conciencia ambiental y mejorar su comprensión de los conceptos relacionados con las fuentes de energía renovable y la sostenibilidad. La intervención se llevó a cabo en un centro educativo de la comunidad de Castilla y León y fue evaluada a través de técnicas cualitativas y cuantitativas. A través de los resultados se puede ver un aumento en la motivación, participación e implicación del alumnado, así como una mejora en su actitud hacia las ciencias naturales.</subfield>
</datafield>
<datafield tag="024" ind2=" " ind1="8">
<subfield code="a">https://uvadoc.uva.es/handle/10324/76558</subfield>
</datafield>
<datafield tag="245" ind1="0" ind2="0">
<subfield code="a">Innovación educativa para la enseñanza-aprendizaje de las energías renovables</subfield>
</datafield>
</record></metadata></record></GetRecord></OAI-PMH>